[Event "Lichtenberger Sommer"]
[Site "Berlin"]
[Date "2009.08.16"]
[Round "2.77"]
[White "Steppan, Siegfried"]
[Black "Peschke, Matthias"]
[Result "0-1"]
[WhiteElo "1584"]
[BlackElo "1741"]
[PlyCount "78"]
[EventDate "2009.??.??"]
[WhiteTeam "SV Werder/H."]
[BlackTeam "SK Marmstorf GW Harburg"]

1. d4 Nf6 2. c4 c5 3. d5 e6 4. Nc3 exd5 5. cxd5 d6 6. e4 g6 7. Bb5+ Bd7 8.
Bxd7+ Nbxd7 9. Nf3 Bg7 10. O-O O-O 11. Bf4 Qb6 12. Qc2 Nh5 13. Be3 a6 14. Rab1
Qc7 15. Qd2 Rfe8 16. Qc2 b5 17. Rbc1 Rac8 18. Ne2 Nhf6 19. Nd2 Ne5 20. h3 c4
21. Qb1 Nd3 22. Rc2 Nxe4 23. Nxe4 Rxe4 24. Rd1 Qb7 25. b3 Nb4 26. Rcc1 Re7 27.
Nf4 c3 28. Rc2 Nxc2 29. Qxc2 b4 30. Nd3 a5 31. Bf4 Rce8 32. Nc1 Qd7 33. Be3 Qf5
34. Qxf5 gxf5 35. Kh2 Rxe3 36. fxe3 Rxe3 37. Rf1 Re5 38. Rd1 Bh6 39. Nd3 Rxd5
0-1

[Event "Lichtenberger Sommer"]
[Site "Berlin"]
[Date "2009.08.16"]
[Round "2.78"]
[White "Kiesewetter, Peter"]
[Black "Pitz, Marko"]
[Result "1-0"]
[WhiteElo "1906"]
[BlackElo "1478"]
[PlyCount "53"]
[EventDate "2009.??.??"]
[WhiteTeam "SC Schwarz-Weiß Lichtenrade e.V."]
[BlackTeam "Greifswalder SV"]

1. Nf3 f5 2. d4 Nf6 3. b3 e6 4. Bb2 c5 5. e3 Be7 6. Nbd2 Nc6 7. a3 d6 8. Bd3
O-O 9. O-O Qc7 10. Re1 Kh8 11. e4 f4 12. c4 e5 13. dxc5 dxc5 14. Nb1 Bg4 15.
Nc3 Nd4 16. Be2 Rad8 17. Nd5 Nxe2+ 18. Qxe2 Qd6 19. Bxe5 Qe6 20. Nxf4 Qc8 21.
Rad1 Rxd1 22. Rxd1 Bxf3 23. Qxf3 Ng4 24. Bb2 Kg8 25. Qg3 Bg5 26. Nd3 Qd7 27. h3
1-0

[Event "Lichtenberger Sommer"]
[Site "Berlin"]
[Date "2009.08.16"]
[Round "2.79"]
[White "Winz, Michael"]
[Black "Ritter, Uwe"]
[Result "0-1"]
[WhiteElo "1691"]
[BlackElo "1737"]
[PlyCount "60"]
[EventDate "2009.??.??"]
[WhiteTeam "SC Friesen Lichtenberg e.V."]
[BlackTeam "Reideburger SV 90 Halle"]

1. d4 e6 2. c4 f5 3. Nf3 Nf6 4. Nc3 c6 5. Bg5 d5 6. cxd5 exd5 7. e3 Bd6 8. Bd3
O-O 9. Qc2 Qd7 10. O-O Ne4 11. Bh4 Qe8 12. Be2 Nd7 13. Rfe1 Qg6 14. Bg3 Bxg3
15. hxg3 Qh6 16. Ne5 Nxe5 17. dxe5 Re8 18. Bd3 Rxe5 19. Ne2 Re7 20. Nd4 Qf6 21.
Qe2 Bd7 22. Rad1 Rae8 23. Qf3 a6 24. Re2 c5 25. Nc2 Qxb2 26. Nd4 Qa3 27. Nxf5
Rf7 28. g4 Nc3 29. Rde1 Nxe2+ 30. Rxe2 Qxd3 0-1

[Event "Lichtenberger Sommer"]
[Site "Berlin"]
[Date "2009.08.16"]
[Round "2.80"]
[White "Richter, Dirk"]
[Black "Albinus, Günter"]
[Result "1/2-1/2"]
[WhiteElo "1448"]
[BlackElo "1875"]
[PlyCount "87"]
[EventDate "2009.??.??"]
[WhiteTeam "SG Lok Brandenburg, Abt. Schach"]
[BlackTeam "SG Weißensee 49 e.V."]

1. e4 c5 2. Nf3 d6 3. c3 Nc6 4. d4 Nf6 5. dxc5 Nxe4 6. cxd6 Qxd6 7. Qxd6 Nxd6
8. Bf4 e6 9. Bd3 Be7 10. O-O O-O 11. Ne5 Nxe5 12. Bxe5 f6 13. Bg3 e5 14. Nd2
Be6 15. f3 Rfd8 16. Nb3 Nf5 17. Bxf5 Bxf5 18. Rf2 Be6 19. Rd2 Rxd2 20. Nxd2 Rd8
21. Nb3 Rd5 22. c4 Rd7 23. Rc1 Rc7 24. Nd2 Bb4 25. Rc2 Bxd2 26. Rxd2 Rxc4 27.
a3 Bf5 28. Be1 Kf7 29. Rd1 Rc8 30. Bc3 Ke8 31. Kf2 Rd8 32. Rxd8+ Kxd8 33. Ke3
Kd7 34. g4 Bg6 35. Bb4 Ke6 36. Bf8 Kf7 37. Bb4 Bc2 38. Kd2 Ba4 39. Ke3 Ke6 40.
h4 g6 41. f4 Bd1 42. g5 f5 43. Bc3 exf4+ 44. Kxf4 1/2-1/2

[Event "Lichtenberger Sommer"]
[Site "Berlin"]
[Date "2009.08.16"]
[Round "2.81"]
[White "Roth, Joachim"]
[Black "Gestrich, Wolfgang"]
[Result "1-0"]
[WhiteElo "1891"]
[BlackElo "1723"]
[PlyCount "159"]
[EventDate "2009.??.??"]
[WhiteTeam "SG Bund"]
[BlackTeam "Potsdamer SV Mitte e.V."]

1. d4 Nf6 2. Nf3 g6 3. e3 Bg7 4. c3 O-O 5. Bd3 d6 6. O-O Bg4 7. Nbd2 Nbd7 8. b4
c6 9. a4 e5 10. Qc2 Re8 11. Ng5 Bh6 12. Nge4 Nxe4 13. Nxe4 Nf6 14. Ng3 Bg7 15.
Ba3 d5 16. Rfc1 e4 17. Bf1 Be6 18. b5 a6 19. c4 axb5 20. axb5 dxc4 21. bxc6
bxc6 22. Bxc4 Bd5 23. Ne2 Qd7 24. Bc5 Bf8 25. Ba6 Qc7 26. Nf4 Qd7 27. h3 g5 28.
Ne2 h6 29. Ra3 Bxc5 30. Qxc5 Qe7 31. Qc3 Reb8 32. Rca1 Qb4 33. Qxb4 Rxb4 34.
Nc3 Rab8 35. Bf1 Rb3 36. Ra8 Kg7 37. Nxd5 cxd5 38. Rxb8 Rxb8 39. Ra7 Rb1 40. g3
h5 41. Ra8 Rb2 42. Rd8 Rb1 43. Kg2 Rb2 44. Ba6 Rb6 45. Ra8 Rb2 46. Bc8 Rb6 47.
Ra7 Rd6 48. Bf5 Rb6 49. Rc7 Rd6 50. f3 exf3+ 51. Kxf3 Rb6 52. h4 g4+ 53. Kf4
Ne8 54. Re7 Nf6 55. Kg5 Rb8 56. Bg6 Rf8 57. Bxh5 Ne4+ 58. Kxg4 Nf6+ 59. Kg5
Ne4+ 60. Kf4 Nf6 61. Bf3 Kg6 62. Re5 Rd8 63. h5+ Kh6 64. g4 Kg7 65. g5 Nh7 66.
Bxd5 f6 67. gxf6+ Nxf6 68. Re7+ Kh8 69. Bf3 Rf8 70. Kg3 Rg8+ 71. Kf2 Rf8 72.
Ke2 Nh7 73. Be4 Ng5 74. Bg6 Kg8 75. d5 Rd8 76. e4 Rf8 77. d6 Nh3 78. Re8 Nf4+
79. Ke3 Nxg6 80. d7 1-0

[Event "Lichtenberger Sommer"]
[Site "Berlin"]
[Date "2009.08.16"]
[Round "2.82"]
[White "Uckar, Klaudijo"]
[Black "Paris, Gerhard"]
[Result "1-0"]
[WhiteElo "1875"]
[BlackElo "1671"]
[PlyCount "30"]
[EventDate "2009.??.??"]
[WhiteTeam "SC Kreuzberg e.V."]
[BlackTeam "TSG Oberschöneweide e.V."]

1. e4 e5 2. Nf3 d6 3. Bc4 a6 4. d4 exd4 5. Qxd4 Qe7 6. O-O Be6 7. Bxe6 Qxe6 8.
e5 d5 9. Ng5 Qf5 10. e6 fxe6 11. Re1 Qxc2 12. Nxe6 Nf6 13. Nxc7+ Kd7 14. Nxa8
Ne4 15. Be3 Rg8 1-0

[Event "Lichtenberger Sommer"]
[Site "Berlin"]
[Date "2009.08.16"]
[Round "2.83"]
[White "Berg, Gerd"]
[Black "Smajic, Mirza"]
[Result "0-1"]
[WhiteElo "1657"]
[BlackElo "1721"]
[PlyCount "108"]
[EventDate "2009.??.??"]
[WhiteTeam "SK König Tegel 1949 e.V."]
[BlackTeam "SC Borussia Friedrichsfelde 1920"]

1. c4 Nf6 2. Nc3 d5 3. cxd5 Nxd5 4. Nf3 e6 5. e3 Be7 6. Be2 O-O 7. O-O c5 8. a3
Nc6 9. b3 Bf6 10. Qc2 b6 11. Bb2 Bb7 12. Rfd1 Nxc3 13. dxc3 Qc7 14. Rd2 Rfd8
15. Rad1 Rxd2 16. Rxd2 Ne5 17. Qd1 Nxf3+ 18. Bxf3 Bxf3 19. Qxf3 Rc8 20. c4 Bxb2
21. Rxb2 Rd8 22. h3 Qe5 23. Rd2 Rf8 24. Qd1 Qc3 25. Rd7 a6 26. Rd8 g6 27. Rxf8+
Kxf8 28. Qd6+ Kg7 29. Qd1 b5 30. cxb5 axb5 31. a4 bxa4 32. bxa4 c4 33. a5 Qxa5
34. Qd4+ e5 35. Qxc4 Qe1+ 36. Qf1 Qxf1+ 37. Kxf1 f5 38. f3 Kf6 39. Kf2 e4 40.
Kg3 Ke5 41. h4 h6 42. Kf2 Kd5 43. Kg3 Ke5 44. Kf2 g5 45. hxg5 hxg5 46. Ke2 Kd5
47. Kf2 Kc4 48. Ke2 Kc3 49. g3 g4 50. fxg4 fxg4 51. Ke1 Kd3 52. Kd1 Kxe3 53.
Ke1 Kf3 54. Kf1 e3 0-1

[Event "Lichtenberger Sommer"]
[Site "Berlin"]
[Date "2009.08.16"]
[Round "2.84"]
[White "Fuchs, Joerg"]
[Black "Stiemerling, Karl-Heinz"]
[Result "1/2-1/2"]
[WhiteElo "1909"]
[BlackElo "1766"]
[PlyCount "142"]
[EventDate "2009.??.??"]
[WhiteTeam "SC Kreuzberg e.V."]
[BlackTeam "SG Eckturm"]

1. e4 c5 2. Nf3 Nc6 3. Bb5 a6 4. Bxc6 bxc6 5. O-O d6 6. h3 g6 7. d3 Bg7 8. c3
Bd7 9. Re1 e5 10. Nbd2 Be6 11. Qa4 Ne7 12. Ng5 Qd7 13. Ndf3 O-O 14. Nxe6 Qxe6
15. Bg5 f6 16. Be3 Rfb8 17. Re2 Rb5 18. Rd1 d5 19. c4 Rb4 20. cxd5 cxd5 21. Qa3
d4 22. Bd2 Rb5 23. Rc1 Nc6 24. Rxc5 Bf8 25. Rxc6 Qxc6 26. Qa4 Rc8 27. Ba5 Qc1+
28. Kh2 Qf4+ 29. Kg1 Rc1+ 30. Be1 Rc6 31. Bd2 Rc1+ 32. Bxc1 Qxc1+ 33. Kh2 Rxb2
34. Rxb2 Qxb2 35. Qxa6 Qxf2 36. Qxf6 Qxa2 37. Nxe5 Qa7 38. Qe6+ Kg7 39. Qd7+
Qxd7 40. Nxd7 Bd6+ 41. g3 Kf7 42. Nb6 h5 43. Kg2 Ke6 44. Kf3 g5 45. Nd5 Be5 46.
g4 h4 47. Ke2 Kd6 48. Kd2 Kc5 49. Kc2 Kb5 50. Kb3 Kc5 51. Ka4 Bf4 52. Ka5 Bd2+
53. Ka6 Kc6 54. Ne7+ Kc5 55. Nd5 Kc6 56. Nf6 Kd6 57. Kb5 Ke5 58. Nd5 Be3 59.
Kc4 Bf2 60. Kb5 Be1 61. Kc6 Ke6 62. Kc7 Ba5+ 63. Kc8 Kd6 64. Kb7 Bd8 65. Kc8
Ba5 66. Kb7 Bd8 67. Ka6 Kc5 68. Kb7 Ba5 69. Kc8 Kd6 70. Nf6 Ke5 71. Nd5 Kd6
1/2-1/2

[Event "Lichtenberger Sommer"]
[Site "Berlin"]
[Date "2009.08.16"]
[Round "2.86"]
[White "Alvarez, Luis"]
[Black "Tschirschwitz, Stephan"]
[Result "1-0"]
[WhiteElo "1870"]
[BlackElo "1561"]
[PlyCount "81"]
[EventDate "2009.??.??"]
[WhiteTeam "Schachclub Zug um Zug Everswinke"]
[BlackTeam "SG Lasker Steglitz-Wilmersdorf"]

1. e4 c5 2. Nf3 Nc6 3. c3 e6 4. d4 d5 5. e5 Be7 6. dxc5 Bxc5 7. Bd3 h6 8. O-O
Nge7 9. Bf4 a6 10. h3 b5 11. Nbd2 Qc7 12. Qe2 O-O 13. Rac1 Ng6 14. Bh2 Be7 15.
Rfe1 Qb6 16. Bg3 Bb7 17. Nb3 Rac8 18. Nfd4 Nxd4 19. Nxd4 Bg5 20. Rcd1 Bf4 21.
Qg4 Bxg3 22. Qxg3 Ne7 23. Re3 b4 24. Qh4 Nc6 25. Qg4 Nxd4 26. cxd4 f5 27. exf6
Rxf6 28. Rg3 Qc7 29. Qh4 Rcf8 30. Qg4 Bc8 31. Qh5 Qf4 32. Rf3 Qxd4 33. Bh7+
Kxh7 34. Rxd4 Rxf3 35. gxf3 g5 36. Rxb4 e5 37. Rb6 Bf5 38. Rxh6+ Kg7 39. Qxg5+
Kf7 40. Rf6+ Ke7 41. Rxf5+ 1-0

[Event "Lichtenberger Sommer"]
[Site "Berlin"]
[Date "2009.08.16"]
[Round "2.87"]
[White "Möller, Dirk"]
[Black "Herrmann, Eberhard"]
[Result "0-1"]
[WhiteElo "1602"]
[BlackElo "1827"]
[PlyCount "112"]
[EventDate "2009.??.??"]
[WhiteTeam "SC Kreuzberg e.V."]
[BlackTeam "SC Friesen Lichtenberg e.V."]

1. e4 e5 2. Nc3 Bc5 3. f4 Bxg1 4. Rxg1 d6 5. d4 exf4 6. Bxf4 Nc6 7. Qd2 Bg4 8.
h3 Bd7 9. O-O-O h6 10. Bc4 Na5 11. Be2 Ne7 12. d5 b6 13. g4 Nb7 14. h4 Ng6 15.
h5 Nxf4 16. Qxf4 Qg5 17. Rgf1 a6 18. Rd2 Qxf4 19. Rxf4 O-O 20. Bf1 Nc5 21. b4
Nb7 22. Rg2 f6 23. Kb2 c5 24. a3 b5 25. Ne2 a5 26. c3 Ra7 27. Ng1 axb4 28. cxb4
cxb4 29. axb4 Ra4 30. Kc3 Rc8+ 31. Kb3 Rca8 32. Rb2 Ra3+ 33. Kc2 Rg3 34. Ne2
Rxg4 35. Rb3 Ra2+ 36. Rb2 Ra1 37. Rb1 Rxb1 38. Kxb1 Nd8 39. Rxg4 Bxg4 40. Nf4
Bd7 41. Be2 Nf7 42. Ne6 Ng5 43. Nd4 Nxe4 44. Kc2 Ng3 45. Bxb5 Bc8 46. Be8 Kf8
47. Bg6 Ke7 48. b5 f5 49. Nc6+ Kf6 50. b6 f4 51. Nd8 f3 52. b7 Bxb7 53. Nxb7
Ke5 54. Bd3 f2 55. Kc3 Kxd5 56. Bc4+ Ke5 0-1

[Event "Lichtenberger Sommer"]
[Site "Berlin"]
[Date "2009.08.16"]
[Round "2.88"]
[White "Prix, Siegfried"]
[Black "Stadelmann, Bernd"]
[Result "1-0"]
[WhiteElo "1803"]
[BlackElo "1409"]
[PlyCount "85"]
[EventDate "2009.??.??"]
[WhiteTeam "Sfrd. Berlin 1903 e.V."]
[BlackTeam "SC Freibauer Schöneberg"]

1. e4 e6 2. d4 d5 3. Nc3 Ne7 4. Bg5 f6 5. Bf4 Ng6 6. Bg3 Bb4 7. Bd3 c5 8. a3
Bxc3+ 9. bxc3 c4 10. Be2 O-O 11. Bf3 Qa5 12. Ne2 f5 13. exf5 exf5 14. Bd6 Rf6
15. Bb4 Qd8 16. a4 a5 17. Ba3 Nh4 18. Nf4 Be6 19. O-O Bf7 20. Be2 Na6 21. Re1
Nc7 22. Bf1 Qd7 23. g3 Ng6 24. Nxg6 Bxg6 25. f4 Re6 26. Re5 h5 27. Bg2 Rae8 28.
Bf3 Rxe5 29. dxe5 Bf7 30. Bd6 Rd8 31. Rb1 b5 32. Bxc7 Qxc7 33. Rxb5 Qa7+ 34.
Qd4 Rd7 35. Qxa7 Rxa7 36. Bxd5 g6 37. Kf2 Rd7 38. Bxf7+ Kxf7 39. Ke3 Ke6 40.
Rxa5 Rc7 41. Ra6+ Kf7 42. a5 Rb7 43. Rb6 1-0

[Event "Lichtenberger Sommer"]
[Site "Berlin"]
[Date "2009.08.16"]
[Round "2.89"]
[White "Stiewe, Frank"]
[Black "Schütt, Tobias"]
[Result "0-1"]
[WhiteElo "1372"]
[BlackElo "1697"]
[PlyCount "109"]
[EventDate "2009.??.??"]
[WhiteTeam "vereinslos"]
[BlackTeam "SC Friesen Lichtenberg e.V."]

1. e4 c5 2. Nf3 Nc6 3. d4 cxd4 4. Nxd4 e5 5. Nxc6 bxc6 6. Bc4 Bc5 7. Qf3 Qf6 8.
Qxf6 Nxf6 9. Bd3 d5 10. exd5 cxd5 11. Bg5 Be7 12. Bxf6 Bxf6 13. Bb5+ Bd7 14.
Bxd7+ Kxd7 15. Nc3 Ke6 16. O-O-O Bg5+ 17. Kb1 d4 18. Ne4 Be7 19. Rhe1 f6 20. f3
a5 21. a4 Rab8 22. Ka2 Rb4 23. b3 Rc8 24. Re2 Rb6 25. Nf2 Rbc6 26. Kb1 Kf7 27.
Nd3 Bd6 28. Nb2 Rb8 29. Ka2 Bb4 30. Nc4 Rbc8 31. Kb1 g5 32. h3 h5 33. Re4 Re6
34. Rd3 Bc3 35. Rd1 Rce8 36. g4 hxg4 37. fxg4 Rh8 38. Rd3 Kg6 39. Rf3 Re7 40.
Re2 Rh6 41. Ref2 Re6 42. Nd2 Bxd2 43. Rxd2 e4 44. Rg3 e3 45. Re2 f5 46. gxf5+
Kxf5 47. Rg4 Re4 48. Rg3 Kf4 49. Reg2 Rh4 50. Kc1 e2 51. Rg4+ Rxg4 52. Rxg4+
Kf3 53. Rxe4 Kxe4 54. Kd2 Kf3 55. b4 0-1

[Event "Lichtenberger Sommer"]
[Site "Berlin"]
[Date "2009.08.16"]
[Round "2.91"]
[White "Hamar, Dirk"]
[Black "Kujawa, Werner"]
[Result "1/2-1/2"]
[WhiteElo "1544"]
[BlackElo "1885"]
[PlyCount "82"]
[EventDate "2009.??.??"]
[WhiteTeam "SV Eutin von 1875"]
[BlackTeam "SV Motor Wildau e.V."]

1. c4 Nf6 2. Nc3 d5 3. cxd5 Nxd5 4. e4 Nxc3 5. bxc3 g6 6. Bc4 Bg7 7. d4 O-O 8.
Ne2 c5 9. Be3 cxd4 10. cxd4 Nc6 11. O-O Na5 12. Rc1 Nxc4 13. Rxc4 Bg4 14. h3
Bxe2 15. Qxe2 b5 16. Rb4 a6 17. Rc1 Qd7 18. Rc5 Rfc8 19. d5 e6 20. Rxc8+ Rxc8
21. dxe6 Qxe6 22. Rb1 Qxe4 23. Rd1 h5 24. Qd2 Qc4 25. Rc1 Qxc1+ 26. Qxc1 Rxc1+
27. Bxc1 Bc3 28. Kf1 Kg7 29. Ke2 Kf6 30. Kd3 b4 31. a3 a5 32. a4 Ke5 33. Be3
Kd5 34. Bb6 Be1 35. f3 b3 36. Bd4 Bb4 37. Bb2 f5 38. f4 Kc5 39. Bd4+ Kd5 40.
Bb2 Kc5 41. Bd4+ Kd5 1/2-1/2

[Event "Lichtenberger Sommer"]
[Site "Berlin"]
[Date "2009.08.16"]
[Round "2.92"]
[White "Wirp, Hans-Werner"]
[Black "Küchler, Felix"]
[Result "1-0"]
[WhiteElo "1818"]
[BlackElo "1714"]
[PlyCount "49"]
[EventDate "2009.??.??"]
[WhiteTeam "SK Oschersleben 1948"]
[BlackTeam "SC Friesen Lichtenberg e.V."]

1. d4 d5 2. e4 e6 3. Nc3 Bb4 4. e5 c5 5. Nf3 Nc6 6. Bb5 Qb6 7. Bxc6+ bxc6 8.
O-O Ba6 9. Ne2 cxd4 10. a3 Be7 11. Re1 f6 12. Nexd4 c5 13. exf6 Nxf6 14. Rxe6
Qb7 15. Nf5 Ng8 16. Nxe7 Kd7 17. Rxa6 Qxa6 18. Nxd5 Kc6 19. Bg5 h6 20. Ne5+ Kb7
21. Qf3 Kb8 22. Bf4 Kc8 23. Qg4+ Kb8 24. Nc4+ Kb7 25. Qd7# 1-0

[Event "Lichtenberger Sommer"]
[Site "Berlin"]
[Date "2009.08.16"]
[Round "2.93"]
[White "Nauschütz, Ernst"]
[Black "Schröder, Gert"]
[Result "1-0"]
[WhiteElo "1839"]
[BlackElo "1154"]
[PlyCount "105"]
[EventDate "2009.??.??"]
[WhiteTeam "Greifswalder SV"]
[BlackTeam "SV Königsjäger Süd-West e.V."]

1. c4 Nf6 2. Nc3 g6 3. Nf3 Bg7 4. g3 d6 5. Bg2 c6 6. d4 Nbd7 7. O-O Qc7 8. e4
e5 9. Rb1 O-O 10. Re1 Rd8 11. h3 Nf8 12. Be3 Bd7 13. Qd2 Ne8 14. Bg5 f6 15. Be3
Qc8 16. Kh2 Nc7 17. Bh6 Ne8 18. Bxg7 Nxg7 19. b4 a6 20. Rec1 Qb8 21. b5 Qa7 22.
b6 Qb8 23. a4 Nfe6 24. a5 f5 25. Re1 f4 26. Rbd1 Nh5 27. d5 Nc5 28. Ng1 g5 29.
Bf3 Nf6 30. dxc6 Bxc6 31. Nd5 Nxd5 32. exd5 Nb3 33. Qc3 Ba4 34. h4 gxh4 35.
gxf4 Nc5 36. Rc1 Nb3 37. Rb1 Nd4 38. Ne2 Bc2 39. Rbc1 Nxf3+ 40. Qxf3 Bg6 41.
Qg4 Rf8 42. Rg1 Qe8 43. f5 Rf6 44. fxg6 Rxg6 45. Qf5 Rc8 46. f4 Rc5 47. fxe5
dxe5 48. d6 Qc6 49. Rxg6+ hxg6 50. Qxg6+ Kh8 51. Qh6+ Kg8 52. Rg1+ Kf7 53. Rg7+
1-0

[Event "Lichtenberger Sommer"]
[Site "Berlin"]
[Date "2009.08.16"]
[Round "2.94"]
[White "Jiranek, Benno"]
[Black "Würsig, Mathias"]
[Result "1-0"]
[WhiteElo "1206"]
[BlackElo "1861"]
[PlyCount "70"]
[EventDate "2009.??.??"]
[WhiteTeam "SC Kreuzberg e.V."]
[BlackTeam "SV Blau-Gelb 1899 Hosena e.V."]

1. d4 e5 2. dxe5 Qe7 3. Nf3 Nc6 4. b3 Nxe5 5. e3 Nf6 6. Nc3 Qd6 7. Nxe5 Qxe5 8.
Bb2 Bb4 9. Qd4 Qxd4 10. exd4 Ne4 11. O-O-O Nxc3 12. Re1+ Kf8 13. Bxc3 Bxc3 14.
Bc4 Bxe1 15. Rxe1 d6 16. Re3 Bd7 17. Rf3 f6 18. h3 Re8 19. Kd2 Be6 20. Bd3 Bd5
21. Rg3 Kf7 22. f3 g5 23. h4 gxh4 24. Rh3 Rhg8 25. Bf1 Rg7 26. Rxh4 Reg8 27.
Rh2 c6 28. c4 Be6 29. g4 f5 30. Bd3 fxg4 31. Bxh7 Rf8 32. d5 cxd5 33. cxd5 Bxd5
34. fxg4 Rxg4 35. Rf2+ Kg7 1-0

[Event "Lichtenberger Sommer"]
[Site "Berlin"]
[Date "2009.08.16"]
[Round "2.95"]
[White "Heyne, Klaus"]
[Black "Hesselbarth, Karlheinz"]
[Result "0-1"]
[WhiteElo "1169"]
[BlackElo "1864"]
[PlyCount "76"]
[EventDate "2009.??.??"]
[WhiteTeam "SC Rotation Pankow e.V."]
[BlackTeam "SC Zugzwang 95 e.V."]

1. d4 d5 2. Nf3 Nf6 3. e3 e6 4. Be2 Bd6 5. O-O Nbd7 6. Nbd2 O-O 7. c4 c6 8. c5
Bc7 9. b4 e5 10. Bb2 e4 11. Ne5 Nxe5 12. dxe5 Nd7 13. f4 exf3 14. Nxf3 Qe7 15.
Bd3 Nxe5 16. Nxe5 Bxe5 17. Bxe5 Qxe5 18. Qf3 Bd7 19. Qf4 Rae8 20. Qxe5 Rxe5 21.
Rae1 Rfe8 22. Rf3 g6 23. h3 f5 24. Kf2 Kg7 25. a3 d4 26. Re2 dxe3+ 27. Rfxe3
Kf6 28. Rxe5 Rxe5 29. Rxe5 Kxe5 30. Bc4 g5 31. a4 h5 32. a5 a6 33. g3 Be6 34.
Bxe6 Kxe6 35. Ke3 Ke5 36. Kd3 f4 37. gxf4+ Kxf4 38. Kd4 g4 0-1

[Event "Lichtenberger Sommer"]
[Site "Berlin"]
[Date "2009.08.16"]
[Round "2.96"]
[White "Yuan, Yizheng"]
[Black "Heldt, Ronny"]
[Result "1-0"]
[WhiteElo "1770"]
[BlackElo "1112"]
[PlyCount "89"]
[EventDate "2009.??.??"]
[WhiteTeam "Schachpinguine Berlin e.V."]
[BlackTeam "Treptower SV 1949 e.V."]

1. e4 e6 2. d4 d5 3. Nc3 Nf6 4. Bg5 dxe4 5. Nxe4 Nbd7 6. Nf3 h6 7. Bxf6 Nxf6 8.
Bd3 Nxe4 9. Bxe4 c5 10. O-O cxd4 11. Nxd4 Be7 12. Qd2 O-O 13. Rfd1 f5 14. Bf3
e5 15. Nb5 a6 16. Qc3 Qb6 17. Nc7 Ra7 18. Nd5 Qc5 19. Qxe5 Bd6 20. Qe2 Bd7 21.
Nc3 b5 22. Rd5 Qc7 23. Rad1 Bf4 24. Rxd7 Qxd7 25. Rxd7 Rxd7 26. Qe6+ Rff7 27.
Bh5 Rde7 28. Bxf7+ Rxf7 29. Nd5 Bg5 30. f4 Bd8 31. Qxa6 Kh8 32. Qxb5 Rf8 33. a4
g5 34. Qd7 gxf4 35. Nxf4 Bg5 36. Ng6+ Kg8 37. Nxf8 Kxf8 38. a5 Kg8 39. Kf2 Bh4+
40. Kf3 f4 41. a6 Bf6 42. a7 Bg7 43. a8=Q+ Bf8 44. Qad5+ Kh8 45. Q5f7 1-0

[Event "Lichtenberger Sommer"]
[Site "Berlin"]
[Date "2009.08.16"]
[Round "2.97"]
[White "Krusemark, Gerhard"]
[Black "Noakes, Günther"]
[Result "1-0"]
[WhiteElo "1858"]
[BlackElo "1059"]
[PlyCount "93"]
[EventDate "2009.??.??"]
[WhiteTeam "TSG Rot-Weiß Fredersdorf/Vogelsd"]
[BlackTeam "SF Hamburg eV 1934"]

1. e4 c5 2. Nc3 Nc6 3. Bb5 a6 4. Bxc6 bxc6 5. f4 e6 6. Nf3 g6 7. O-O Bg7 8. d3
Ne7 9. Qe1 O-O 10. Be3 d6 11. Rd1 Qc7 12. Qh4 f6 13. Ne2 Rb8 14. b3 a5 15. Qg3
Ba6 16. h4 Kf7 17. e5 dxe5 18. fxe5 f5 19. Bxc5 Bh6 20. Ng5+ Bxg5 21. Qxg5 Rb7
22. Qf6+ Ke8 23. Qxe6 Rf7 24. Nc3 Qd7 25. Qxd7+ Kxd7 26. Ne4 Nd5 27. Nd6 Re7
28. Nxb7 Bxb7 29. Bxe7 Kxe7 30. Kf2 Nb4 31. Rc1 Nxa2 32. Ra1 Nb4 33. Rxa5 Bc8
34. Ra7+ Ke6 35. Rxh7 Nxc2 36. Rc1 Nb4 37. Ke3 Ba6 38. d4 Nd5+ 39. Kf3 Nb4 40.
Rc5 Bd3 41. g3 Be4+ 42. Ke3 Bb1 43. Rg7 Ba2 44. Rxg6+ Kf7 45. Rf6+ Ke7 46. Ra5
Bb1 47. Ra7+ 1-0

[Event "Lichtenberger Sommer"]
[Site "Berlin"]
[Date "2009.08.16"]
[Round "2.98"]
[White "Hübner, Alan-Ari"]
[Black "Schweitzer, Paul"]
[Result "1/2-1/2"]
[WhiteElo "1145"]
[BlackElo "1661"]
[PlyCount "60"]
[EventDate "2009.??.??"]
[WhiteTeam "KSC Strausberg Abt. Schach"]
[BlackTeam "SV Königsjäger Süd-West e.V."]

1. d4 d5 2. c4 Nc6 3. Nc3 dxc4 4. Nf3 Bg4 5. e3 e6 6. Bxc4 Nf6 7. O-O Be7 8. d5
Bxf3 9. Qxf3 Ne5 10. Qf4 Nxc4 11. Qxc4 exd5 12. Qb5+ Qd7 13. Qxb7 O-O 14. Rd1
c6 15. Qxd7 Nxd7 16. e4 Bb4 17. exd5 Bxc3 18. dxc6 Ne5 19. bxc3 Nxc6 20. Bf4 h6
21. h4 Rfc8 22. Rd3 f6 23. Rad1 g5 24. hxg5 hxg5 25. Bg3 Kf7 26. Re3 Rd8 27.
Red3 Rac8 28. f3 Rxd3 29. Rxd3 Rd8 30. Rxd8 Nxd8 1/2-1/2

[Event "Lichtenberger Sommer"]
[Site "Berlin"]
[Date "2009.08.16"]
[Round "2.99"]
[White "Boeck, Rüdiger"]
[Black "Glase, Johan"]
[Result "1-0"]
[WhiteElo "1655"]
[BlackElo "964"]
[PlyCount "65"]
[EventDate "2009.??.??"]
[WhiteTeam "SC Weisse Dame Ulm e.V."]
[BlackTeam "SC Friesen Lichtenberg e.V."]

1. e4 c5 2. Nf3 Nc6 3. d4 cxd4 4. Nxd4 e5 5. Nb5 d6 6. N1c3 a6 7. Na3 b5 8. Nd5
Nf6 9. c4 Nxe4 10. cxb5 Nd4 11. b6 Bb7 12. Nc7+ Kd7 13. Nxa8 Bxa8 14. Qa4+ Bc6
15. Qxa6 d5 16. Bd3 Bxa3 17. bxa3 Nc5 18. Qa7+ Ke6 19. Bb1 Qb8 20. Be3 Qxa7 21.
bxa7 Ra8 22. Bxd4 exd4 23. O-O Rxa7 24. Re1+ Ne4 25. f3 Kf5 26. fxe4+ dxe4 27.
Kf2 Rxa3 28. Bc2 d3 29. Bb3 Ba4 30. Bxa4 d2 31. Red1 e3+ 32. Ke2 Rxa4 33. Kxe3
1-0

[Event "Lichtenberger Sommer"]
[Site "Berlin"]
[Date "2009.08.16"]
[Round "2.100"]
[White "Geldner, Gerrit"]
[Black "Schneider, Eckehard"]
[Result "1-0"]
[WhiteElo "1091"]
[BlackElo "1787"]
[PlyCount "71"]
[EventDate "2009.??.??"]
[WhiteTeam "SC Friesen Lichtenberg e.V."]
[BlackTeam "Sfrd. Berlin 1903 e.V."]

1. e4 e6 2. d4 d5 3. exd5 exd5 4. Bd3 Bd6 5. Nf3 Nf6 6. O-O O-O 7. Re1 Bg4 8.
Bg5 Nbd7 9. Nbd2 c6 10. c4 Qc7 11. h3 Bh5 12. c5 Bh2+ 13. Kh1 Bf4 14. Bxf4 Qxf4
15. Qc2 Rfe8 16. b4 Nf8 17. b5 Ne6 18. Qc3 Ng5 19. Nxg5 Qxg5 20. Bf1 Qf4 21.
Kg1 Bg6 22. g3 Qf5 23. Qf3 Qc2 24. Nb3 Be4 25. Qd1 Qxd1 26. Raxd1 Bf3 27. Rb1
Ne4 28. Re3 Bh5 29. bxc6 bxc6 30. Bd3 Bg6 31. Bxe4 Bxe4 32. Rbe1 Kf8 33. Na5
Rac8 34. Nb7 Bf3 35. Nd6 Rxe3 36. Rxe3 1-0

[Event "Lichtenberger Sommer"]
[Site "Berlin"]
[Date "2009.08.16"]
[Round "2.101"]
[White "Schlittermann, Wolfgang"]
[Black "Lischeid, Kilian"]
[Result "1-0"]
[WhiteElo "1644"]
[BlackElo "879"]
[PlyCount "66"]
[EventDate "2009.??.??"]
[WhiteTeam "SK Gillette"]
[BlackTeam "SC Friesen Lichtenberg e.V."]

1. Nf3 d5 2. c4 Nf6 3. e3 Bg4 4. h3 Bh5 5. Nc3 Nc6 6. cxd5 Nxd5 7. Be2 e6 8.
O-O Bb4 9. a3 Bd6 10. Nb5 a6 11. Nxd6+ Qxd6 12. b4 O-O 13. Bb2 Bxf3 14. Bxf3
Ne5 15. Be2 Rac8 16. Bd4 b6 17. Bxa6 Ra8 18. Be2 c5 19. bxc5 bxc5 20. Bb2 Rfb8
21. Qc1 Nf6 22. Qc3 Nc6 23. Bf3 Rb6 24. a4 Rab8 25. Ba3 Rb3 26. Qxc5 Qxc5 27.
Bxc5 Ne5 28. Bd1 Rb2 29. Bd6 Nfd7 30. Bxb8 Nxb8 31. Rc1 Nbd7 32. Rc8+ Nf8 33.
Bc2 Neg6 1-0

[Event "Lichtenberger Sommer"]
[Site "Berlin"]
[Date "2009.08.16"]
[Round "2.102"]
[White "Fege, Julian"]
[Black "Kriese, Ralf"]
[Result "0-1"]
[WhiteElo "1007"]
[BlackElo "1639"]
[PlyCount "104"]
[EventDate "2009.??.??"]
[WhiteTeam "SC Friesen Lichtenberg e.V."]
[BlackTeam "Greifswalder SV"]

1. e4 e6 2. d4 d5 3. exd5 exd5 4. Nf3 Bd6 5. Bd3 Bg4 6. Be3 Nf6 7. Nbd2 Nbd7 8.
h3 Bh5 9. c3 c6 10. Qc2 Bg6 11. O-O-O b5 12. Nb3 Qb6 13. Rhe1 O-O 14. Bg5 Bxd3
15. Qxd3 Rfe8 16. Bxf6 Nxf6 17. Qd2 Qc7 18. Nc5 Bf4 19. Re3 Bxe3 20. fxe3 Ne4
21. Nxe4 Rxe4 22. Qd3 f6 23. Rf1 Rae8 24. Re1 Qg3 25. Qd2 g5 26. Kd1 h5 27. Re2
g4 28. hxg4 hxg4 29. Ne1 Rxe3 30. Rxe3 Qxe3 31. Qxe3 Rxe3 32. Nc2 Re4 33. Kd2
Kg7 34. Ne3 Kg6 35. Ke2 Kg5 36. Kf2 f5 37. g3 f4 38. gxf4+ Kxf4 39. Ng2+ Kg5
40. Ne1 Rxe1 41. Kxe1 Kf4 42. Kf2 a5 43. b3 b4 44. cxb4 axb4 45. Kg2 Ke4 46.
Kg3 Kxd4 47. Kxg4 Kc3 48. Kf4 d4 49. Ke5 d3 50. Kd6 d2 51. Kxc6 d1=Q 52. Kc5
Qh5+ 0-1